00654nam a2200229 a 4500001001300000003000900013005001700022008004100039020001000080082001300090100001800103245006500121260003800186300000900224500003500233505001000268650001300278902000800291942000700299952010500306999001300411nice12345678IN_TiNIC20260116011350.0050524s1961 lona grp 000 0 eng  ac10000a230bBRU aBrunner, Emil aI Believe in the Living Godb Sermons on the Apostles` Creed aLondon bLutterworth Press c1961 a160p aincludes index and biblioraphy2 aIndex aTheology bSRS cBK 00104070aHMIbHMId2007-08-01g100.00l2o230 BRUp02548r2018-12-12s2018-06-18w2026-01-16yEB c893d893